000 00671nam a2200205 u 4500
005 20250905063953.0
008 091022s2005 ag r 000 0 spa d
020 _a9871220286
035 _aUPN01000173392
049 _aCG
050 4 _aHC123
_bF4.7
100 1 _aFfrench-Davis, Ricardo
245 1 0 _aReformas para América Latina :
_bdespués del fundamentalismo neoliberal /
_cRicardo Ffrench-Davis.
260 _aBuenos Aires :
_bSiglo XXI :
_bCEPAL,
_c2005.
300 _a324 p. :
_bgráfs., cuadros
440 0 _aEconomía
651 4 _aAmérica Latina
_xCondiciones económicas
_92747
651 4 _aAmérica Latina
_xPolítica económica
_93988
905 _aLibro
999 _c145496
_d145496